University Home | Library Home | Institutional Repository

Colour and Christianity in Africa. (Record no. 28122)

MARC details
000 -LEADER
fixed length control field 00663cam8a220019300 4500
001 - CONTROL NUMBER
control field zam00009527
008 - FIXED-LENGTH DATA ELEMENTS--GENERAL INFORMATION
fixed length control field 970717n xx eng u
035 ## - SYSTEM CONTROL NUMBER
System control number (Sirsi) r139527
040 ## - CATALOGING SOURCE
Modifying agency UPRA
100 ## - MAIN ENTRY--PERSONAL NAME
Personal name Ng'ombe, R.M.S.
Linkage A104893.1
245 10 - TITLE STATEMENT
Title Colour and Christianity in Africa.
260 ## - PUBLICATION, DISTRIBUTION, ETC.
Place of publication, distribution, etc. s.l :
Name of publisher, distributor, etc. s.n,
Date of publication, distribution, etc. n.d.
500 ## - GENERAL NOTE
General note Manuscript.
520 ## - SUMMARY, ETC.
Summary, etc. Argues that Christianity can olny survive in Northern Rhodesia if the young Africans are frequent church goers.
650 #4 - SUBJECT ADDED ENTRY--TOPICAL TERM
Topical term or geographic name entry element Christianity.
Linkage S3311.1
650 #4 - SUBJECT ADDED ENTRY--TOPICAL TERM
Topical term or geographic name entry element Northern Rhodesia -- Christianity.
General subdivision Northern Rhodesia -- Christianity.
Linkage S75853.1
949 10 - LOCAL PROCESSING INFORMATION (OCLC)
m INESOR
t BOOK
l ON-SHELF

No items available.

© 2026 - The University of Zambia Library - Koha v25.11